[Event "IV RC Sport Open"]
[Site "Ceska Trebova CZE"]
[Date "2008.08.08"]
[Round "1"]
[White "Cvek,R"]
[Black "Kraus,To"]
[Result "1-0"]
[WhiteElo "2532"]
[BlackElo "2024"]

1.Nf3 d5 2.c4 e6 3.d4 c5 4.cxd5 exd5 5.g3 Nc6 6.Bg2 Nf6 7.O-O Be7 8.a3 O-O
9.dxc5 a5 10.Be3 Ne4 11.Nc3 Nxc3 12.bxc3 a4 13.Ne1 Be6 14.Nc2 Qa5 15.Nb4 Rfd8
16.Rb1 Bxc5 17.Qd2 d4 18.Nxc6 dxe3 19.Qxd8+ Qxd8 20.Nxd8 exf2+ 21.Kh1 Rxd8
22.Bxb7 Bh3 23.Bg2 Bg4 24.Rb2 Bxa3 25.Ra2 Bc5 26.h3 Be6 27.Rxa4 g6 28.Ra5 Bb6
29.Rb5 Be3 30.Re5 Bb6 31.g4 Rd2 32.Rb1 Bc7 33.Re3 Bc4 34.Bf3 Rb2 35.Rf1 Bb6
36.Re4 Ba6 37.Rb4 Rxb4 38.cxb4 Bb5 39.Kg2 Kf8 40.Rc1 Ke7 41.Rc8 Bd7 42.Rb8 Be3
43.b5 h5 44.b6 hxg4 45.hxg4 f5 46.gxf5 Bxf5 47.Kf1 Bh3+ 48.Bg2 Bxg2+ 49.Kxg2 Kd7
50.b7 Kc7 51.Re8 Ba7 52.Re7+ Kb8 53.e3 Bc5 54.Re5 Bb6 55.Kxf2 Kxb7 56.Rg5  1-0

[Event "Najdorf Memorial Open"]
[Site "Warsaw POL"]
[Date "2008.08.08"]
[Round "7"]
[White "Gosciniak,M"]
[Black "Parczewski,J"]
[Result "1-0"]
[WhiteElo "2096"]
[BlackElo "2031"]

1.Nf3 d5 2.c4 c6 3.b3 Nf6 4.Bb2 Bf5 5.g3 e6 6.Bg2 Nbd7 7.O-O Be7 8.d3 O-O
9.Nbd2 Re8 10.Ne5 Nxe5 11.Bxe5 Nd7 12.Bb2 Bf6 13.Bxf6 Nxf6 14.e4 dxe4 15.dxe4 Bg6
16.f3 Qd4+ 17.Kh1 Red8 18.e5 Bf5 19.exf6 Qxd2 20.fxg7 Rd7 21.f4 Rad8 22.Qh5 Qb2
23.g4 Bg6 24.Qh4 Bd3 25.Rfe1 Qd4 26.Qg5 Bc2 27.f5 exf5 28.gxf5 Qc5 29.Rf1 Rd2
30.Rae1 Qd4 31.f6 Rf2 32.Rxf2 Qxf2 33.Qe5 Qxe1+ 34.Qxe1 Rd1 35.Qxd1 Bxd1
36.c5 a5 37.Kg1 Bc2 38.Kf2 a4 39.bxa4 Bxa4 40.Ke3 Bb5 41.Kd4 h6 42.Ke5 Kh7
43.Kd6 Kg8 44.Kc7 Ba6 45.Kb6 h5 46.Bxc6  1-0

[Event "US Open"]
[Site "Dallas USA"]
[Date "2008.08.09"]
[Round "8"]
[White "Van Meter,L"]
[Black "Yeager,D"]
[Result "1/2-1/2"]
[WhiteElo "2225"]
[BlackElo "2335"]

1.Nf3 d5 2.c4 c6 3.g3 Nf6 4.Bg2 Bf5 5.cxd5 cxd5 6.O-O Nc6 7.d3 e5 8.Qa4 Qd7
9.e4 dxe4 10.dxe4 Bxe4 11.Rd1 Bd6 12.Nc3 Bxf3 13.Bxf3 Nd4 14.Qxd7+ Kxd7 15.Bxb7 Rab8
16.Bg2 Ke7 17.Be3 Nc2 18.Bxa7 Nxa1 19.Bxb8 Rxb8 20.Rxa1  1/2-1/2

[Event "BDO Premier"]
[Site "Haarlem NED"]
[Date "2008.08.09"]
[Round "1"]
[White "Burmakin,V"]
[Black "Van Vliet,J"]
[Result "1/2-1/2"]
[WhiteElo "2625"]
[BlackElo "2296"]

1.Nf3 d5 2.c4 e6 3.b3 Nf6 4.g3 Be7 5.Bg2 O-O 6.O-O c5 7.cxd5 Nxd5 8.Bb2 Nc6
9.Nc3 Bf6 10.Qc1 b6 11.Nxd5 Bxb2 12.Qxb2 Qxd5 13.d4 Rb8 14.dxc5 bxc5 15.Rfd1 Qh5
16.Rac1 Ba6 17.Rd6 Rb6 18.g4 Qh6 19.Rxc5 Nb4 20.Rd7 Nd5 21.e3 Bb7 22.h3 Nf6
23.g5 Qh5 24.gxf6 Qxc5 25.fxg7 Rc8 26.Qf6 Qf5 27.Qxf5 exf5 28.Ne5 Bxg2 29.Kxg2 Rc5
30.f4 Rc2+ 31.Kg3 Rxa2 32.Nxf7 Kxg7 33.Ne5+ Kf6 34.Rxh7 Rxb3 35.Kf3 Rbb2
36.Rh6+ Ke7 37.Nc6+ Kf7 38.Ne5+ Kg7 39.Rg6+ Kh7 40.Rf6 Rf2+ 41.Kg3 Rg2+ 42.Kh4 Rge2
43.Rxf5 Rxe3 44.Rf7+ Kg8 45.Rb7 a5 46.Kg5 a4 47.Kf6 Rb3 48.Rg7+ Kf8 49.Ra7 Rb6+
50.Kf5 Ke8 51.h4 a3 52.h5 Rh2 53.Ke4  1/2-1/2

[Event "Open"]
[Site "Stare Mesto CZE"]
[Date "2008.08.09"]
[Round "2"]
[White "Vavra,A"]
[Black "Brokken,D"]
[Result "0-1"]
[WhiteElo "2029"]
[BlackElo "2266"]

1.Nf3 d5 2.c4 c6 3.b3 Nf6 4.Bb2 Bg4 5.Ne5 Bf5 6.d3 e6 7.a3 Bd6 8.Nd2 Nbd7
9.Nxd7 Qxd7 10.g3 e5 11.h3 h5 12.Bg2 d4 13.Qc2 O-O 14.O-O-O Bh7 15.Rdg1 Qe7
16.a4 Bb4 17.f3 Nd7 18.Qd1 Nc5 19.Ne4 Nxe4 20.fxe4 b5 21.Kc2 bxa4 22.bxa4 Rab8
23.Qa1 Qg5 24.Bc1 Qg6 25.g4 Bc3 26.Qa2 h4 27.Ba3 Qh6 28.Rd1 Rfc8 29.c5 Kh8
30.Rhf1 f6 31.Bc1 g5 32.Qf7 Rf8 33.Qc7 Bg8 34.Ba3 Bb3+ 35.Kc1 Bxd1 36.Rxd1 Rb3  0-1

[Event "Open"]
[Site "Stare Mesto CZE"]
[Date "2008.08.09"]
[Round "2"]
[White "Sanak,F"]
[Black "Karhanek,P"]
[Result "1/2-1/2"]
[WhiteElo "1991"]
[BlackElo "2196"]

1.Nf3 d5 2.c4 c6 3.cxd5 cxd5 4.g3 Nc6 5.Bg2 Nf6 6.d4 Bf5 7.O-O Qb6 8.Nc3 e6
9.Qa4 Be7 10.e3 O-O 11.Qb5 Qxb5 12.Nxb5 Bd3 13.Nc3 Bxf1 14.Bxf1 a6 15.Bd2 Bb4
16.a3 Bd6 17.b4 Rfc8 18.Na4 Re8 19.Rc1 Ne4 20.Be1 Na7 21.Nb6 Rad8 22.Nd2 Nxd2
23.Bxd2 Re7 24.Bd3 Rc7 25.Rb1 Nb5 26.Rb3 Be7 27.a4 Nd6 28.a5 Ne4 29.Bxe4 dxe4
30.Bc3 Rc6 31.Na4 Rdc8 32.Kg2 f5 33.f3 exf3+ 34.Kxf3 Rd8 35.Nc5 b6 36.axb6 Rxb6
37.Ra3 Kf7 38.e4 fxe4+ 39.Kxe4 Ra8 40.Ra2 Ke8 41.Kd3 g6 42.Re2 Bxc5 43.dxc5 Rc6
44.Kc4 Ke7 45.Be5 Rd8 46.g4 Rd1 47.g5 Rc1+ 48.Kb3 Rb1+ 49.Ka4 Rd1 50.Re4 Rd5
51.Bf6+ Kf7 52.Be5 Ke8 53.Bd6 Kf7 54.h4 Rcxd6 55.cxd6 e5 56.Rc4 Rxd6 57.Rc7+ Ke6
58.Rxh7 e4 59.h5 e3 60.hxg6 e2 61.g7 Rd8 62.Rh1  1/2-1/2

[Event "Arctic Chess Challenge"]
[Site "Tromso NOR"]
[Date "2008.08.09"]
[Round "8"]
[White "Hansen,Vi"]
[Black "Carlsen,H"]
[Result "1/2-1/2"]
[WhiteElo "2124"]
[BlackElo "2067"]

1.Nf3 d5 2.c4 e6 3.g3 Nf6 4.Bg2 c5 5.O-O Nc6 6.cxd5 exd5 7.d4 Be6 8.Nc3 Be7
9.dxc5 Bxc5 10.Na4 Be7 11.Nd4 Bd7 12.Be3 O-O 13.Nb3 b6 14.Nc3 Be6 15.Nb5 Qd7
16.N5d4 Nxd4 17.Bxd4 Bh3 18.Rc1 Rac8 19.Rxc8 Rxc8 20.Bxh3 Qxh3 21.Bxf6 Bxf6
22.Qxd5 Bxb2 23.Qb7 Qe6 24.Rd1 h5 25.Rd7 Rf8 26.Re7 Qd6 27.Qxa7 h4 28.Qd7 Qa3
29.Re8 hxg3 30.hxg3 g6 31.Rxf8+ Kxf8 32.Qd8+ Kg7 33.Qxb6 Qxa2 34.Qe3 Bf6
35.Nd2 Qa1+ 36.Kg2 Qc1 37.Qd3 Qc3 38.Ne4 Qe5 39.f4 Qe6 40.Nd6 Qe7 41.e4 Kg8
42.Qd5 Bg7 43.e5 Bf8 44.Ne4 Kg7 45.Ng5 Kg8 46.e6 fxe6 47.Nxe6 Kf7 48.Nxf8+ Kxf8
49.Qe5 Qb7+ 50.Kh3 Kf7 51.Kg4 Qd7+ 52.Kg5 Qd8+ 53.Kh6 Qf8+ 54.Kg5  1/2-1/2

[Event "Najdorf Memorial Open"]
[Site "Warsaw POL"]
[Date "2008.08.09"]
[Round "8"]
[White "Gritsak,O"]
[Black "Czarnota,D"]
[Result "1-0"]
[WhiteElo "2522"]
[BlackElo "2229"]

1.Nf3 d5 2.c4 c6 3.e3 Nf6 4.Nc3 e6 5.b3 Bd6 6.Bb2 Nbd7 7.Qc2 Qe7 8.Be2 Ba3
9.Bxa3 Qxa3 10.O-O O-O 11.Rfc1 Re8 12.Rab1 a5 13.cxd5 exd5 14.Nd4 Qe7 15.Na4 g6
16.f3 Qd6 17.Rb2 Re5 18.Nc5 Nxc5 19.Qxc5 Qxc5 20.Rxc5 Re8 21.a3 Bd7 22.b4 axb4
23.axb4 Ra1+ 24.Kf2 Rea8 25.Rcc2 Rh1 26.b5 Rxh2 27.bxc6 bxc6 28.Rc1 c5 29.Rxc5 Ra1
30.Nb3 Bh3 31.Bf1 Rxf1+ 32.Kxf1 Rxg2 33.Ke1 Rg1+ 34.Ke2 Rg2+ 35.Kd3 Bf5+
36.Kd4 Rf2 37.Rc6 Kg7 38.Ke5 Nd7+ 39.Kd6 Nf6 40.Nd4 Bd7 41.Rc7 h5 42.Rxd7 Nxd7
43.Kxd7 h4 44.Kd6 h3 45.Kxd5 h2 46.Rb1 Rxd2 47.Ke4 Kh6 48.f4 Rf2 49.Rh1 Kh5
50.Nf3 Kg4 51.Nxh2+ Kg3 52.Nf1+ Kg2 53.Rh7 f5+ 54.Ke5 Kxf1 55.Rg7 Rg2 56.Kf6 Ra2
57.Kxg6 Ra5 58.Rf7 Ra3 59.Re7  1-0

[Event "US Open"]
[Site "Dallas USA"]
[Date "2008.08.10"]
[Round "9"]
[White "Yu,C"]
[Black "Shipman,W"]
[Result "0-1"]
[WhiteElo "2211"]
[BlackElo "2224"]

1.Nf3 d5 2.c4 e6 3.g3 Nf6 4.Bg2 Be7 5.O-O O-O 6.b3 c5 7.Bb2 Nc6 8.e3 b6 9.d3 Bb7
10.a3 Qd7 11.Qe2 Rad8 12.Rd1 Qc8 13.cxd5 Nxd5 14.Nbd2 Bf6 15.Bxf6 Nxf6 16.Nc4 Qb8
17.Qb2 b5 18.Nce5 Nxe5 19.Nxe5 Bxg2 20.Kxg2 Qb7+ 21.Kg1 Rd5 22.Rd2 Rfd8 23.Rad1 Qb6
24.Kf1 h6 25.Ke2 Qc7 26.Nf3 c4 27.dxc4 bxc4 28.Rc1 Qb7 29.Rxc4 Rxd2+ 30.Nxd2 Qg2
31.Qc1 Qb7 32.Rc7 Qa6+ 33.Rc4 Nd7 34.Kd1 Ne5 35.Rd4 Rxd4 36.exd4 Nd3 37.Qc4 Nb2+  0-1

[Event "Open"]
[Site "Ptuj SLO"]
[Date "2008.08.10"]
[Round "2"]
[White "White,K"]
[Black "Crepan,M"]
[Result "0-1"]
[WhiteElo "2064"]
[BlackElo "2363"]

1.Nf3 d5 2.c4 c6 3.g3 Nf6 4.b3 Bf5 5.Bg2 e6 6.Bb2 Nbd7 7.O-O h6 8.d3 Be7
9.Nbd2 O-O 10.Rc1 a5 11.a3 Bh7 12.Rc2 Qb6 13.Qa1 Rfd8 14.Rfc1 Ne8 15.cxd5 exd5
16.Bh3 Bf6 17.Nd4 Nf8 18.N2f3 Rd6 19.a4 Ne6 20.Bxe6 fxe6 21.Ba3 e5 22.Bxd6 Nxd6
23.Qa3 Nf7 24.Ne6 e4 25.Ne1 Re8 26.Nc5 Ng5 27.dxe4 Nxe4 28.Ned3 Nxc5 29.Qxc5 Qxc5
30.Nxc5 Bxc2 31.Rxc2 Re7 32.Kg2 Kf7 33.Kf3 Ke8 34.e4 dxe4+ 35.Nxe4 Be5 36.Rd2 Rd7
37.Rxd7 Kxd7 38.Nc5+ Kc7 39.Ke4 Bf6 40.f4 b6 41.Ne6+ Kd6 42.Nd4 Kc5 43.Nc2 b5  0-1

[Event "Open"]
[Site "Stare Mesto CZE"]
[Date "2008.08.10"]
[Round "3"]
[White "Camarena Gimenez,R"]
[Black "Kovacik,E"]
[Result "1-0"]
[WhiteElo "2416"]
[BlackElo "2149"]

1.Nf3 d5 2.c4 dxc4 3.e3 Be6 4.Na3 Nf6 5.Nxc4 Bd5 6.d4 e6 7.Bd3 Be7 8.O-O O-O
9.Qe2 c5 10.dxc5 Bxf3 11.gxf3 Bxc5 12.b3 Nc6 13.Bb2 Qe7 14.Kh1 Rfd8 15.Rg1 Rd7
16.Rg5 Nb4 17.Ne5 Rc7 18.Rag1 Ne8 19.Nc6 Qf8 20.Nxb4 Bxb4 21.f4 Bc3 22.Bxh7+ Kxh7
23.Qd3+ Kg8 24.Bxc3 f6 25.Rh5 Rac8 26.Qh7+ Kf7 27.Qg6+ Kg8 28.Bd4 Rc1 29.Qh7+ Kf7
30.Qg6+ Kg8 31.Rh7 Rxg1+ 32.Kxg1 b6 33.Qh5  1-0

[Event "ch-Euro Seniors"]
[Site "Davos SUI"]
[Date "2008.08.11"]
[Round "3"]
[White "Frumson,Y"]
[Black "Arkhangelsky,B"]
[Result "0-1"]
[WhiteElo "2235"]
[BlackElo "2340"]

1.Nf3 d5 2.c4 d4 3.b4 f6 4.e3 c5 5.bxc5 e5 6.Qc2 Nc6 7.Bd3 Bxc5 8.Ba3 Qd6
9.Bxc5 Qxc5 10.exd4 exd4 11.O-O Nge7 12.Re1 Bg4 13.Be4 O-O-O 14.d3 f5 15.Bxc6 Nxc6
16.Nbd2 Rhe8 17.Rab1 Re7 18.h3 Bh5 19.Rxe7 Qxe7 20.Kf1 g5 21.Qb2 Rd7 22.Qb5 a6
23.Qb6 g4 24.hxg4 fxg4 25.Ne1 g3 26.Ne4 gxf2 27.Kxf2 Bg6 28.Nf3 Bxe4 29.Re1 Nb4  0-1

[Event "83rd ch-FRA National B"]
[Site "Pau FRA"]
[Date "2008.08.11"]
[Round "1"]
[White "Cossin,S"]
[Black "Prie,E"]
[Result "1/2-1/2"]
[WhiteElo "2466"]
[BlackElo "2526"]

1.Nf3 d5 2.c4 c6 3.e3 Nf6 4.Nc3 Bg4 5.Qb3 Qb6 6.Ne5 Be6 7.d4 Nbd7 8.Nxd7 Nxd7
9.cxd5 Qxb3 10.axb3 Bxd5 11.Nxd5 cxd5 12.Bd2 e6 13.Bd3 Bd6 14.Ke2 Ke7 15.Rhc1 a6
16.e4 dxe4 17.Bxe4 Rab8 18.Bf3 Nb6 19.Ra5 Rhc8 20.Rxc8 Nxc8 21.Rh5 h6 22.Bc3 f6
23.h4 b6 24.d5 e5 25.Bg4 Na7 26.Rf5 g6 27.Rf3 f5 28.Bxf5 gxf5 29.Rxf5 Rf8
30.Rh5 Rf6 31.g3 Nb5 32.Bxe5 Bxe5 33.Rxe5+ Kd6 34.f4 Nc7 35.Kf3 Nxd5 36.Ke4 Ne7
37.h5 Nc6 38.Rd5+ Ke7 39.g4 Re6+ 40.Kf3 Re1 41.Rd2 Rf1+ 42.Kg3 Nd8 43.Re2+ Kf7
44.Rd2 Ne6 45.Rd7+ Kg8 46.Rd6 Nxf4 47.Rxb6 Kg7 48.Rxa6 Ne2+ 49.Kg2 Rf7 50.Rg6+ Kh7
51.Rd6 Rb7 52.Kf3 Ng1+ 53.Kg2 Ne2 54.Kf3 Nc1 55.b4 Rxb4 56.Rd7+ Kg8 57.Rd6 Kg7
58.Rg6+ Kh7 59.g5 hxg5 60.Rxg5 Rxb2 61.Rd5 Na2 62.Kg4 Rb7 63.Kg5 Nc3 64.Re5 Nb5
65.Re6 Nd4 66.Rh6+ Kg7 67.Rg6+ Kf7 68.Rf6+ Ke7 69.h6 Ne6+ 70.Kg6 Nf8+ 71.Kg7 Ne6+
72.Kg6  1/2-1/2

[Event "Open"]
[Site "Stare Mesto CZE"]
[Date "2008.08.11"]
[Round "5"]
[White "Sanak,F"]
[Black "Kovacik,E"]
[Result "0-1"]
[WhiteElo "1991"]
[BlackElo "2149"]

1.Nf3 d5 2.c4 dxc4 3.Qa4+ Nc6 4.Qxc4 e5 5.d3 Be6 6.Qc2 Be7 7.Bd2 f5 8.g3 Bd5
9.Bc3 Nf6 10.Nbd2 e4 11.dxe4 fxe4 12.Ne5 Nxe5 13.Bxe5 e3 14.Nf3 exf2+ 15.Kxf2 Ng4+
16.Ke1 Nxe5 17.Rd1 Bb4+ 18.Kf2 Ng4+ 19.Kg1 c6 20.Rd4 Qe7 21.Rxg4 Bc5+ 22.Kg2 Qe3
23.Rxg7 O-O-O 24.Qf5+ Be6 25.Qxe6+ Qxe6  0-1

[Event "BDO Premier"]
[Site "Haarlem NED"]
[Date "2008.08.12"]
[Round "4"]
[White "Burmakin,V"]
[Black "Rombaldoni,Ax"]
[Result "1-0"]
[WhiteElo "2625"]
[BlackElo "2374"]

1.Nf3 d5 2.c4 e6 3.g3 Nf6 4.Bg2 Be7 5.O-O O-O 6.b3 b6 7.cxd5 exd5 8.d4 Bb7
9.Bb2 c5 10.Nc3 Nbd7 11.dxc5 Nxc5 12.Nd4 Re8 13.Rc1 Bf8 14.Qc2 Qd7 15.Rfd1 Rac8
16.Qf5 Qxf5 17.Nxf5 Nce4 18.Nxe4 Nxe4 19.Rxc8 Bxc8 20.Rxd5 Bb7 21.Re5 Rxe5
22.Bxe5 g6 23.Nd4 f5 24.Nb5 Bc5 25.e3 a6 26.Nc3 Bb4 27.Nb1 Kf7 28.f3 Ng5
29.Kf2 Ne6 30.Bc3 Be7 31.Nd2 Nc5 32.Ke2 Ke6 33.e4 a5 34.Ke3 Bf8 35.f4 fxe4
36.Nxe4 h6 37.Bh3+ Kd5 38.Bg2 Ke6 39.Bd4 Ba6 40.Bh3+ Kd5 41.Nc3+ Kc6 42.Bg2+ Kd6
43.Be5+ Kd7 44.Nd5 Nd3 45.Nxb6+ Ke8 46.Bd4 Nc1 47.Nd5 Kf7 48.Nc3  1-0

[Event "VII Open"]
[Site "Ortigueira ESP"]
[Date "2008.08.12"]
[Round "3"]
[White "Arias Rodriguez,M"]
[Black "Perez Sierra,B"]
[Result "1-0"]
[WhiteElo "2083"]
[BlackElo "1536"]

1.Nf3 d5 2.c4 e6 3.d4 c5 4.cxd5 Qxd5 5.Nc3 Qd8 6.e4 cxd4 7.Qxd4 Qxd4 8.Nxd4 Bb4
9.Bb5+ Bd7 10.O-O Bxc3 11.bxc3 Nf6 12.e5 Nd5 13.c4 Nb6 14.Ba3 a6 15.Bxd7+ N8xd7
16.f4 Nxc4 17.Bb4 a5 18.Bc3 O-O 19.Nb5 Ne3 20.Rf3 Nd5 21.Be1 Nc5 22.Nd6 Ra7
23.Rb1 b6 24.Nc4 Rb7 25.Bf2 Rfb8 26.g3 g6 27.Nd6 Rc7 28.Rb5 h5 29.Be1 Nb7
30.Nxb7 Rbxb7 31.Rb1 Rc2 32.a3 Rbc7 33.Bf2 Rc1+ 34.Rxc1 Rxc1+ 35.Kg2 Rb1
36.Rd3 b5 37.Bd4 Kf8 38.Kf3 a4 39.Bc5+ Ke8 40.Rd2 Rb3+ 41.Kf2 Rc3 42.Bd6 Kd7
43.Bb4 Rb3 44.Bd6 Kc6 45.Rc2+ Rc3 46.Rb2 Nb6 47.Bb4 Rd3 48.Ke2 Nc4 49.Rc2 Re3+
50.Kf2 Rb3 51.Ke2 Rb2 52.Rxb2 Nxb2 53.Bc3 Nc4 54.Bb4 Kd5 55.Kd3 Nb2+ 56.Kc2 Nc4
57.Kd3 Nb6 58.Be7 Nd7 59.Bb4 Nc5+ 60.Kc3 Ne4+ 61.Kd3 Nf2+ 62.Ke2 Ne4 63.Kd3 g5
64.Ke3 g4 65.Kd3 f6 66.exf6 Nxf6 67.Be7 Ne4 68.Bb4 Nf6 69.Be7 Nd7 70.Bb4 e5
71.Ke3 Nf6 72.fxe5 Kxe5 73.Bc3+ Ke6 74.Kd4 Nd7 75.Ke4 Nf6+ 76.Kd4 Nd7 77.Ke4 Nf6+
78.Kd4 Nd7 79.Bb4 Ne5 80.Kc5 Nf3 81.Kxb5 Nxh2 82.Be1 Kd5 83.Kxa4 Nf1 84.Kb5 Ne3
85.a4 Nc4 86.Bf2 Nd6+ 87.Kb6 Nc4+ 88.Kb5 Nd6+ 89.Kb4 Nb7 90.Be3 Nd8 91.Kb5 Nc6
92.Kb6 Kd6 93.Bf4+  1-0

[Event "83rd ch-FRA National B"]
[Site "Pau FRA"]
[Date "2008.08.12"]
[Round "2"]
[White "Le Roux,JP"]
[Black "Prie,E"]
[Result "1-0"]
[WhiteElo "2490"]
[BlackElo "2526"]

1.Nf3 d5 2.c4 c6 3.e3 Nf6 4.Nc3 a6 5.b3 Bg4 6.Bb2 e6 7.Be2 Nbd7 8.O-O Bd6
9.Nd4 Bxe2 10.Qxe2 O-O 11.f4 Re8 12.Rae1 Rc8 13.Kh1 b5 14.d3 Qc7 15.g4 dxc4
16.dxc4 c5 17.Nf3 b4 18.Nd1 Ne4 19.Qg2 Rcd8 20.g5 a5 21.Re2 a4 22.Kg1 Qc6
23.Nd2 Nc3 24.Qxc6 Nxe2+ 25.Kf2 Nb8 26.Qxa4  1-0

[Event "Petrovskaya Ladya GM1"]
[Site "Peterhof RUS"]
[Date "2008.08.12"]
[Round "1"]
[White "Vorobjov,D"]
[Black "Volodin,Alek"]
[Result "0-1"]
[WhiteElo "2256"]
[BlackElo "2397"]

1.Nf3 d5 2.c4 c6 3.b3 Nf6 4.g3 Bg4 5.Bg2 Nbd7 6.Bb2 e6 7.O-O Bd6 8.d3 O-O
9.Nbd2 a5 10.a3 Re8 11.h3 Bh5 12.Re1 Qb6 13.e4 dxe4 14.Nxe4 Nxe4 15.dxe4 Bxg3
16.Bd4 Bxf3 17.Bxf3 c5 18.Bxg7 Kxg7 19.fxg3 Ne5 20.Bg2 Rad8 21.Qh5 f6 22.g4 Ng6
23.e5 fxe5 24.Re3 Rd4 25.Rae1 Rf8 26.Rxe5 Qxb3 27.Rxc5 Qg3 28.Rb1 b6 29.g5 Qf2+
30.Kh1 bxc5 31.Rb7+ Rf7 32.Qh6+ Kg8  0-1

[Event "Open A"]
[Site "Vladimir RUS"]
[Date "2008.08.12"]
[Round "1"]
[White "Orlov,O2"]
[Black "Zablotsky,S"]
[Result "1-0"]
[WhiteElo "2315"]
[BlackElo "2514"]

1.Nf3 d5 2.c4 d4 3.e3 Nc6 4.b4 dxe3 5.fxe3 Nxb4 6.Qa4+ Nc6 7.d4 e6 8.Be2 Bd7
9.Qb3 Nf6 10.Nbd2 b6 11.Bb2 Bd6 12.e4 Ng4 13.e5 Be7 14.O-O O-O 15.Ne4 Na5
16.Qd3 Bc6 17.Bc1 Bxe4 18.Qxe4 f5 19.exf6 Nxf6 20.Qxe6+ Kh8 21.Bb2 Bd6 22.Ng5 Qe8
23.Qh3 Qxe2 24.Rxf6 h5 25.Qf5 Qe3+ 26.Kh1 Qxg5 27.Rxf8+  1-0

[Event "Open A"]
[Site "Vladimir RUS"]
[Date "2008.08.12"]
[Round "1"]
[White "Potapov,Alexe"]
[Black "Popov,Val"]
[Result "0-1"]
[WhiteElo "2329"]
[BlackElo "2524"]

1.Nf3 d5 2.c4 d4 3.b4 g6 4.g3 Bg7 5.d3 e5 6.Bb2 Nh6 7.Bg2 O-O 8.Nfd2 f5 9.Nb3 Nd7
10.O-O Nf7 11.e3 dxe3 12.fxe3 Nf6 13.Na3 h5 14.Nc2 h4 15.gxh4 Nh5 16.e4 f4
17.Ne1 Qxh4 18.Nf3 Qe7 19.a3 g5 20.Nh4 g4 21.Ng6 Qg5 22.Nxf8 f3 23.Bc1 Nf4
24.Bxf4 exf4 25.Ra2 fxg2 26.Rxg2 Kxf8 27.d4 f3 28.Rxf3 gxf3 29.Rxg5 Nxg5
30.Qd3 Bh3 31.e5 Kg8 32.Qg6 Ne6  0-1

[Event "IV RC Sport Open"]
[Site "Ceska Trebova CZE"]
[Date "2008.08.13"]
[Round "7"]
[White "Sabol,M"]
[Black "Frisk,E"]
[Result "1-0"]
[WhiteElo "2345"]
[BlackElo "2102"]

1.Nf3 d5 2.c4 c6 3.d4 Nf6 4.g3 e6 5.Bg2 Nbd7 6.O-O Bd6 7.Nbd2 O-O 8.b3 b6
9.Bb2 Bb7 10.Nh4 Rc8 11.e4 dxe4 12.Nxe4 Be7 13.Nc3 Ba8 14.Nf3 Re8 15.Qe2 c5
16.Rad1 cxd4 17.Nxd4 Bxg2 18.Kxg2 Qc7 19.Ndb5 Qc6+ 20.f3 Ra8 21.Ne4 Nxe4
22.Qxe4 Qxe4 23.fxe4 Red8 24.Kf3 Bf6 25.Bxf6 gxf6 26.Ke3 a6 27.Nd4 Ne5 28.h3 Kg7
29.Ne2 a5 30.Nf4 Rxd1 31.Rxd1 a4 32.Nd3 axb3 33.axb3 Ra3 34.Nxe5 fxe5 35.Rd3 f5
36.b4 Ra4 37.Rb3 Kf6 38.Kd3 Ra1 39.c5 bxc5 40.b5 f4 41.g4 Rd1+ 42.Kc2 Rd7
43.Kc3 Kg5 44.Kc4 h5 45.gxh5 Kxh5 46.Kxc5 Rg7 47.b6 Rg3 48.Rb1 Kh4 49.b7 Rg8
50.b8=Q Rxb8 51.Rxb8 Kxh3 52.Kd6 f3 53.Rf8  1-0

[Event "Open"]
[Site "Panevezys LTU"]
[Date "2008.08.13"]
[Round "2"]
[White "Kveinys,A"]
[Black "Zilinskas,V"]
[Result "1-0"]
[WhiteElo "2527"]
[BlackElo "2147"]

1.Nf3 d5 2.c4 c6 3.e3 Nf6 4.Nc3 Bf5 5.d4 e6 6.Nh4 Bg6 7.Be2 Ne4 8.Nxg6 Nxc3
9.bxc3 hxg6 10.Qb3 Qc7 11.Rb1 b6 12.cxd5 exd5 13.c4 dxc4 14.Bxc4 b5 15.Be2 Rxh2
16.Rxh2 Qxh2 17.Bf3 Qd6 18.Qc2 a6 19.Bd2 Qe6 20.d5 cxd5 21.Qd3 Ra7 22.Rc1 Bd6
23.Bxd5 Qd7 24.Ba5 Qf5 25.e4 Re7 26.Kf1 Qd7 27.Rd1 Re5 28.Qf3 b4  1-0

[Event "Petrovskaya Ladya GM2"]
[Site "Peterhof RUS"]
[Date "2008.08.13"]
[Round "3"]
[White "Ivanov,Andrew"]
[Black "Savchenko,S"]
[Result "1/2-1/2"]
[WhiteElo "2335"]
[BlackElo "2557"]

1.Nf3 d5 2.c4 d4 3.g3 Nc6 4.Bg2 e5 5.d3 Bb4+ 6.Nfd2 a5 7.Na3 Nf6 8.O-O O-O
9.Nc2 Be7 10.b3 Re8 11.a3 Bf5 12.Rb1 Qd7 13.Re1 Rab8 14.Bb2 Bc5 15.Ba1 Qd6
16.Bb2 Rbd8 17.b4 axb4 18.Nb3 bxa3 19.Nxc5 Qxc5 20.Bxa3 Qa7 21.Rb5 Bd7 22.Qd2 b6
23.Ra1 Qb8 24.Rbb1 e4 25.Bb2 Bf5 26.Ra3 Qc8 27.Rba1 Qd7 28.Qf4 h6 29.Rd1 g5
30.Qd2 exd3 31.exd3 Bh3 32.Bh1 Bg4 33.f3 Bf5 34.Qf2 Qd6 35.Bg2 Bg6 36.Bf1 Bf5
37.Raa1 Qd7 38.Re1 Qd6 39.Rxe8+ Nxe8 40.Re1 Ng7 41.Ba3 Qg6 42.Qd2 Qf6 43.Bg2 Ne5
44.Nb4 c5 45.Nd5 Qd6 46.f4 gxf4 47.Nxf4 Re8 48.Bc1 Ng4 49.Rxe8+ Nxe8 50.Qe2 Qe5
51.Be4 Nef6 52.h3 Ne3 53.Bxe3 dxe3 54.Bxf5 Qxf5  1/2-1/2

[Event "Petrovskaya Ladya GM1"]
[Site "Peterhof RUS"]
[Date "2008.08.13"]
[Round "3"]
[White "Vorobjov,D"]
[Black "Matlakov,M"]
[Result "1/2-1/2"]
[WhiteElo "2256"]
[BlackElo "2484"]

1.Nf3 d5 2.c4 c6 3.cxd5 cxd5 4.d4 Nc6 5.Nc3 Nf6 6.Bf4 Ne4 7.e3 Nxc3 8.bxc3 g6
9.Ne5 Nxe5 10.Bxe5 f6 11.Bg3 e6 12.Bd3 Bd6 13.O-O Kf7 14.c4 Bxg3 15.hxg3 dxc4
16.Bxc4 Qd6 17.Qb3 b6 18.Rac1 Bd7 19.d5 Rac8 20.dxe6+ Bxe6 21.Rfd1 Rxc4 22.Rxc4 Qe7
23.Qa4 b5 24.Qxb5 Bxc4 25.Qxc4+ Kg7 26.Rb1 Rd8 27.a4 Qd7 28.a5 Rc8 29.Qd4 Qxd4
30.exd4 Rc4 31.Rb7+ Kh6 32.Rd7 Ra4 33.Rd5 f5 34.Kf1 Kg5 35.f3 h5 36.Kf2 Ra2+
37.Kg1 Ra4 38.Kh2 a6 39.Rc5 Rxd4 40.Rc6 Ra4 41.Rxa6 Ra1 42.Ra7 Kf6 43.a6 Ke6
44.Ra8 Kf6 45.f4 Kg7 46.a7 Kh7 47.Rb8  1/2-1/2

[Event "Open"]
[Site "Ptuj SLO"]
[Date "2008.08.13"]
[Round "6"]
[White "Markus,Rob"]
[Black "Purgar,I"]
[Result "1-0"]
[WhiteElo "2572"]
[BlackElo "2026"]

1.Nf3 d5 2.c4 Nf6 3.cxd5 Nxd5 4.d4 g6 5.e4 Nb6 6.Nc3 Bg7 7.h3 O-O 8.Be3 f5
9.exf5 Bxf5 10.Qb3+ Kh8 11.Rd1 Nc6 12.d5 Ne5 13.Nd4 Qc8 14.Be2 c5 15.Nxf5 gxf5
16.f4 Ned7 17.O-O Nf6 18.Bf3 Ne8 19.Bf2 Bf6 20.Rfe1 Qc7 21.Nb5 Qxf4 22.Bxc5 Nc8
23.Bd4 a6 24.Bxf6+ Rxf6 25.d6 Ncxd6 26.Nxd6 Nxd6 27.Rxe7 Rc8 28.Bxb7 Rc1
29.Bf3 Qd4+ 30.Kh2 Qf4+ 31.g3  1-0

[Event "Open"]
[Site "Ptuj SLO"]
[Date "2008.08.13"]
[Round "6"]
[White "Sebenik,M"]
[Black "Podkriznik,G"]
[Result "1/2-1/2"]
[WhiteElo "2485"]
[BlackElo "2370"]

1.Nf3 d5 2.c4 c6 3.g3 Nf6 4.Bg2 Bg4 5.Ne5 Be6 6.cxd5 Bxd5 7.Nf3 c5 8.Nc3 Bc6
9.O-O g6 10.Qb3 Qb6 11.Qc4 Qb4 12.Ne5 Qxc4 13.Nxc4 Bxg2 14.Kxg2 Nc6 15.d3 O-O-O
16.a3 Bg7 17.Be3 b6 18.Rfc1 Kb7 19.Rab1 Nd5 20.Bd2 Rd7 21.Nxd5 Rxd5 22.Bc3 Bd4
23.Bd2  1/2-1/2

[Event "Open"]
[Site "Stare Mesto CZE"]
[Date "2008.08.14"]
[Round "8"]
[White "Camarena Gimenez,R"]
[Black "Tibensky,R"]
[Result "1-0"]
[WhiteElo "2416"]
[BlackElo "2416"]

1.Nf3 d5 2.c4 c6 3.d4 e6 4.Nc3 dxc4 5.g3 b5 6.Bg2 Bb7 7.O-O Nd7 8.e4 Ngf6
9.Re1 Be7 10.Bf4 O-O 11.Qc2 a6 12.Rad1 Rc8 13.h3 Re8 14.g4 b4 15.Na4 Qa5
16.Nd2 Nb6 17.Nxb6 Qxb6 18.Nxc4 Qa7 19.Nd6 Bxd6 20.Bxd6 a5 21.Bc5 Qb8 22.e5 Nd5
23.Qd2 Qc7 24.f4 Qd7 25.Be4 f5 26.exf6 Nxf6 27.Bf3 Qf7 28.Re3 Nd5 29.Bxd5 cxd5
30.Re5 Bc6 31.Rde1 Bd7 32.Kh2 Rb8 33.b3 Rec8 34.Qe3 Re8 35.Kg3 Rbc8 36.h4 Rb8
37.h5 Rbc8 38.Rg5 Rc6 39.Re5 Rcc8 40.Kh4 Rb8 41.Kg3 Rbc8 42.Qd2 Kh8 43.R1e3 Ra8
44.Qh2 Kg8 45.g5 g6 46.hxg6 Qxg6 47.Kg4 Bb5 48.Qh6 Qc2 49.g6 Qxg6+ 50.Rg5  1-0

[Event "Open"]
[Site "Davos SUI"]
[Date "2008.08.15"]
[Round "6"]
[White "Markosian,D"]
[Black "Bebchuk,L"]
[Result "1/2-1/2"]
[WhiteElo "2501"]
[BlackElo "2125"]

1.Nf3 d5 2.c4 e6 3.d4 Nf6 4.Nc3 Be7 5.Bg5 h6 6.Bh4 O-O 7.e3 b6 8.Bd3 Bb7
9.O-O Nbd7 10.Qe2 c5 11.Rfd1 cxd4 12.exd4 Re8 13.Ne5 dxc4 14.Bxc4 Nd5 15.Bg3 N7f6
16.Bb5 Rf8 17.Bd3 Nxc3 18.bxc3 Qd5  1/2-1/2

[Event "WCh-Junior Girls"]
[Site "Gaziantep TUR"]
[Date "2008.08.15"]
[Round "13"]
[White "Gomes,Mary"]
[Black "Mikadze,M"]
[Result "1-0"]
[WhiteElo "2316"]
[BlackElo "2258"]

1.Nf3 d5 2.c4 c6 3.g3 g6 4.Bg2 Bg7 5.O-O Nf6 6.d4 O-O 7.b3 Be6 8.Nbd2 Ne4
9.Nxe4 dxe4 10.Ng5 Bxd4 11.Nxe6 fxe6 12.Bh6 Bg7 13.Bxg7 Qxd1 14.Rfxd1 Kxg7
15.Rd4 Na6 16.Rd7 Nc5 17.Rxe7+ Rf7 18.Rxf7+ Kxf7 19.b4 Na4 20.Bxe4 Rd8 21.Bc2 Nc3
22.Bd3 Kf6 23.Kf1 Ke5 24.Ke1 Kd4 25.Kd2 Ne4+ 26.Bxe4 Kxe4+ 27.Ke1 b6 28.Rc1 g5
29.f3+ Ke5 30.Rc3 c5 31.Re3+ Kf6 32.bxc5 bxc5 33.Rd3 Rb8 34.Rb3 Rd8 35.Rb5 Rd6
36.Ra5 h5 37.a4 a6 38.Rxc5 Rb6 39.Kd2 Rb2+ 40.Kd3 Rb3+ 41.Kc2 Ra3 42.Ra5 h4
43.gxh4 gxh4 44.Rxa6 Ke5 45.c5 h3 46.c6 Kd6 47.c7+ Kxc7 48.Rxe6 Rxa4 49.Rh6 Rd4
50.Rxh3 Kd6 51.Rh5 Ke6 52.e4 Rd8 53.h4 Ra8 54.Kd3 Ra3+ 55.Ke2 Ra2+ 56.Ke3 Rh2
57.Kf4 Kf6 58.Kg3 Rh1 59.Ra5 Rg1+ 60.Kf4 Rh1 61.h5 Rh4+ 62.Kg3 Rh1 63.h6 Kf7
64.h7 Kg7 65.Rg5+ Kf6 66.Ra5 Rxh7 67.f4 Rg7+ 68.Kf3 Rb7 69.Ra6+ Kf7 70.e5 Rb1
71.Kg4 Rh1 72.Kg5 Rh2 73.Rh6 Ra2 74.Kf5 Ra4 75.Rh7+ Kf8 76.e6 Kg8 77.Rb7 Rc4
78.Ke5 Kf8 79.f5 Rc5+ 80.Kf6 Rc8 81.Kg6 Rc1 82.f6 Rg1+ 83.Kh5 Rh1+ 84.Kg4 Rg1+
85.Kh3 Rh1+ 86.Kg2 Rb1 87.Rxb1  1-0